La educación en la Roma antigua: desde Catón el viejo a Plinio el joven

En este libro se estudia el desarrollo, estructura y papel de la educación en la Roma antigua, concretamente en el período que va del siglo III antes de Cristo hasta la época de Trajano, período de importantes transformaciones.

Salvato in:
Dettagli Bibliografici
Autore principale: Bonner, Stanley Frederick
Natura: Libro
Lingua:Spanish
Pubblicazione: Barcelona: Editorial Herder, 1984
Soggetti:
Accesso online:Enlace del recurso
Tags: Aggiungi Tag
Nessun Tag, puoi essere il primo ad aggiungerne! !

MARC

LEADER 00000nam a2200000 a 4500
001 001032
008 030508s1984 sp a fr# #001|0#spa#d
020 |a 84-254-1348-6 
041 0 |a spa 
043 |a e-sp--- 
082 0 4 |a 370.9373  |b B555e 
100 1 |a Bonner, Stanley Frederick 
245 1 3 |a La educación en la Roma antigua:  |b desde Catón el viejo a Plinio el joven   |c Stanley Frederick Bonner 
260 |a Barcelona:  |b Editorial Herder,  |c 1984 
300 |a 462 p.:  |b il. 
504 |a Incluye bibliografía e índice. 
520 3 |a En este libro se estudia el desarrollo, estructura y papel de la educación en la Roma antigua, concretamente en el período que va del siglo III antes de Cristo hasta la época de Trajano, período de importantes transformaciones. 
534 |p Título original:  |t Education in ancient Rome 
650 1 4 |a HISTORIA DE LA EDUCACIÓN  |z ROMA 
650 1 4 |a EDUCACIÓN 
999 |c 3184  |d 3184 
856 |u https://catalogo.idep.edu.co/cgi-bin/koha/opac-detail.pl?biblionumber=3184  |z Enlace del recurso